Liedtext - Memento Mori - Feuerschwanz - Statistiken

Allgemein
  • Dieses Quiz wurde 7 mal gespielt
  • Das Durchschnittsergebnis liegt bei 217 aus 268
Antwortstatistiken
Antwort % Korrekt
der
100%
die
100%
Die
100%
du
100%
Memento
100%
Mori
100%
und
100%
Und
100%
wir
100%
auf
80%
bis
80%
Bis
80%
darum
80%
Darum
80%
(darum
80%
das
80%
deinen
80%
den
80%
denn
80%
Er
80%
Grab
80%
hier
80%
hier)
80%
Ich
80%
ich
80%
In
80%
ins
80%
ist
80%
jetzt
80%
jetzt)
80%
leben
80%
(leben
80%
Leben
80%
Messer
80%
mit
80%
nicht
80%
nichts
80%
nimmst
80%
Sarg
80%
Sie
80%
Tod
80%
wetzt
80%
arm
60%
Augen
60%
berührt
60%
bleich
60%
Doch
60%
empor
60%
Erde
60%
Fährmann
60%
Faust
60%
gefahren
60%
gehn
60%
gen
60%
geschworen
60%
gesehen
60%
gespürt
60%
hab
60%
hat
60%
hatten
60%
Himmel
60%
ihre
60%
im
60%
Kahn
60%
mich
60%
mir
60%
nackte
60%
neu
60%
nützlich
60%
Pesthauch
60%
reich
60%
schön
60%
schrecklich
60%
seinem
60%
sind
60%
so
60%
stieg
60%
Totenreich
60%
uns
60%
verführt
60%
Vergehen
60%
verloren
60%
von
60%
war
60%
waren
60%
was
60%
wieder
60%
geliebt
40%
kalte
40%
Keine übereinstimmenden Quizze gefunden
Verteilung der Resultate
Anzahl Personen mit jedem Resultat
Perzentil nach korrekt beantworteten Fragen
Ihre Resultats-Entwicklung
Sie haben dieses Quiz noch nicht gespielt